[Event "Cappelle Online Blitz op"]
[Site "Europe Echecs INT"]
[Date "2022.01.09"]
[Round "2"]
[White "Amro Awes, Ahmed"]
[Black "Sochacki, Wojtek"]
[Result "0-1"]
[WhiteElo "1318"]
[BlackElo "2324"]
[PlyCount "52"]
[EventDate "2022.01.09"]
[EventType "swiss (blitz)"]
[EventRounds "11"]
[EventCountry "FRA"]
[SourceTitle "EXT 2023"]
[Source "ChessBase"]
[SourceDate "2022.10.05"]
[SourceVersion "1"]
[SourceVersionDate "2022.10.05"]
[SourceQuality "1"]

1. e4 c5 2. Nf3 d6 3. Bc4 Nc6 4. Nc3 Nf6 5. 0-0 g6 6. h3 Bg7 7. a3 0-0 8. d3 a6 9. Bg5 h6 10. Bh4 b5 11. Ba2 Rb8 12. Rb1 g5 13. Bg3 e5 14. Bd5 Nxd5 15. Nxd5 Be6 16. Qd2 f5 17. h4 f4 18. Bh2 g4 19. Ne1 Qxh4 20. g3 fxg3 21. Bxg3 Qh3 22. Ng2 Nd4 23. Ne1 Bxd5 24. exd5 Nf3+ 25. Nxf3 gxf3 26. Rfe1 Qg2# 0-1

[Event "Cappelle Online Blitz op"]
[Site "Europe Echecs INT"]
[Date "2021.03.07"]
[Round "4"]
[White "Amro Awes, Ahmed"]
[Black "Slotala, Richard"]
[Result "0-1"]
[WhiteElo "1318"]
[BlackElo "1728"]
[PlyCount "128"]
[EventDate "2021.03.07"]
[EventType "swiss (blitz)"]
[EventRounds "11"]
[EventCountry "FRA"]
[SourceTitle "CBM 201 Extra"]
[Source "ChessBase"]
[SourceDate "2021.05.31"]
[SourceVersion "1"]
[SourceVersionDate "2021.05.31"]
[SourceQuality "1"]

1. e4 d6 2. Nf3 Nf6 3. Nc3 g6 4. d3 Bg7 5. Bg5 0-0 6. Qd2 e5 7. Be2 c6 8. Bh6 b5 9. Bxg7 Kxg7 10. a3 a5 11. 0-0 Bb7 12. h3 Nbd7 13. Rab1 b4 14. axb4 axb4 15. Nd1 c5 16. Ne3 Ra4 17. Nc4 Nb6 18. b3 Ra8 19. Nxb6 Qxb6 20. Rfc1 Ra2 21. Qe3 Rfa8 22. Nd2 Bc6 23. Nc4 Qc7 24. f4 exf4 25. Qxf4 Ne8 26. Bf3 Rd8 27. Rb2 Rxb2 28. Nxb2 d5 29. Rf1 Qxf4 30. exd5 Bd7 31. Nc4 Qd4+ 32. Kh1 f5 33. Re1 Qc3 34. Re7+ Kf8 35. Rxh7 Qxc2 36. Rh8+ Kg7 37. Rh4 Qxd3 38. Ne5 Qxb3 39. Kh2 Bb5 40. g4 Qc2+ 41. Kg3 Qc3 42. gxf5 Qxe5+ 43. Rf4 gxf5 44. h4 Qxd5 45. Bxd5 Rxd5 46. h5 Kh6 47. Kh4 Nf6 48. Rf2 Nxh5 49. Re2 Nf4 50. Re7 Kg6 51. Kg3 Nd3 52. Rc7 c4 53. Re7 Kg5 54. Re2 f4+ 55. Kf3 Ne5+ 56. Ke4 Rc5 57. Rg2+ Kf6 58. Kd4 Nd7 59. Rf2 Kf5 60. Rf3 c3 61. Rf2 c2 62. Rf1 c1Q 63. Rxc1 Rxc1 64. Kd5 Rd1# 0-1

[Event "Cappelle Online Blitz op"]
[Site "Europe Echecs INT"]
[Date "2021.03.07"]
[Round "10"]
[White "Meuriot, Philippe"]
[Black "Amro Awes, Ahmed"]
[Result "0-1"]
[WhiteElo "1748"]
[BlackElo "1318"]
[PlyCount "112"]
[EventDate "2021.03.07"]
[EventType "swiss (blitz)"]
[EventRounds "11"]
[EventCountry "FRA"]
[SourceTitle "CBM 201 Extra"]
[Source "ChessBase"]
[SourceDate "2021.05.31"]
[SourceVersion "1"]
[SourceVersionDate "2021.05.31"]
[SourceQuality "1"]

1. d4 d5 2. c4 dxc4 3. e3 Nf6 4. Bxc4 e6 5. Nf3 c5 6. 0-0 Nc6 7. dxc5 Qxd1 8. Rxd1 Bxc5 9. a3 0-0 10. b4 Bb6 11. Bb2 a5 12. b5 Ne7 13. a4 h6 14. Nc3 Bc5 15. Rd3 b6 16. Rad1 Kh7 17. Ne5 Bb7 18. Nd7 Nxd7 19. Rxd7 Rab8 20. Ne4 Bxe4 21. Be5 Rbc8 22. Bb3 Bd5 23. Bxd5 Nxd5 24. Rb7 f6 25. Bg3 Rfd8 26. Rc1 e5 27. Kf1 Nb4 28. Ke2 Rd5 29. e4 Rd4 30. f3 Rcd8 31. Be1 Nd3 32. Rc2 Nxe1 33. Kxe1 Rd1+ 34. Ke2 Ra1 35. Rc4 Ra2+ 36. Ke1 Rc8 37. Kf1 Ra1+ 38. Ke2 Ra2+ 39. Kf1 Rd8 40. Rc1 Rdd2 41. Rb8 Rf2+ 42. Ke1 Rae2+ 43. Kd1 Rd2+ 44. Ke1 Bb4 45. Rxb6 Rde2+ 46. Kd1 Rd2+ 47. Ke1 Rxg2 48. Kf1 Rxh2 49. Kg1 Rhg2+ 50. Kh1 Rgf2 51. Kg1 Rg2+ 52. Kh1 Rg6 53. Ra6 Rgg2 54. b6 Rh2+ 55. Kg1 Bc5+ 56. Kf1 Rh1# 0-1

[Event "Cappelle Online Blitz op"]
[Site "Europe Echecs INT"]
[Date "2021.03.07"]
[Round "1"]
[White "Rychener, Henri"]
[Black "Amro Awes, Ahmed"]
[Result "0-1"]
[WhiteElo "2077"]
[BlackElo "1318"]
[PlyCount "156"]
[EventDate "2021.03.07"]
[EventType "swiss (blitz)"]
[EventRounds "11"]
[EventCountry "FRA"]
[SourceTitle "CBM 201 Extra"]
[Source "ChessBase"]
[SourceDate "2021.05.31"]
[SourceVersion "1"]
[SourceVersionDate "2021.05.31"]
[SourceQuality "1"]

1. e4 e5 2. Nf3 Nc6 3. Bc4 Be7 4. d4 exd4 5. Nxd4 Nf6 6. Nc3 0-0 7. 0-0 Bb4 8. Re1 Nxd4 9. Qxd4 Bxc3 10. Qxc3 d6 11. Bg5 Be6 12. Bd3 h6 13. Bh4 Re8 14. h3 g5 15. Bg3 Nh5 16. Bf1 Nxg3 17. Qxg3 Qd7 18. Rad1 Qe7 19. c4 Rad8 20. b3 Qf6 21. Re3 Re7 22. Rde1 Rde8 23. h4 Kh7 24. Rf3 Qg6 25. hxg5 Qxg5 26. Qf4 Qxf4 27. Rxf4 Rf8 28. Bd3 Kg7 29. Re3 f6 30. Rg3+ Kf7 31. e5 dxe5 32. Bg6+ Kg7 33. Rh4 Rh8 34. a4 Kf8 35. Be4 Rg7 36. Rf3 c6 37. Rxf6+ Ke7 38. Rf3 Rhg8 39. g3 Bg4 40. Re3 h5 41. Kh2 Ke6 42. b4 Rf7 43. c5 Rxf2+ 44. Kg1 Rgf8 45. Bg2 Rb2 46. b5 Rff2 47. Rh2 Rfd2 48. Rc3 Rb1+ 49. Bf1 cxb5 50. Rf2 Be2 51. Rcf3 Bxf1 52. Rxf1 Rxf1+ 53. Rxf1 Rd4 54. Rc1 Kd7 55. axb5 Rd5 56. c6+ bxc6 57. bxc6+ Kc7 58. Ra1 Kb6 59. c7 Rc5 60. Kg2 Rxc7 61. Kh3 Kc5 62. Kh4 Rh7 63. Kg5 Kd4 64. Kf5 e4 65. Kf4 Rf7+ 66. Kg5 Rg7+ 67. Kh4 Rh7 68. Ra4+ Kd3 69. Ra3+ Ke2 70. Kg5 e3 71. Kf4 Re7 72. g4 hxg4 73. Kxg4 Kf2 74. Ra2+ e2 75. Kf4 Kf1 76. Kg3 e1Q+ 77. Kg4 Qe6+ 78. Kg3 Qxa2 0-1

[Event "Ville d'Orsay online Blitz"]
[Site "Europe Echecs INT"]
[Date "2021.02.07"]
[Round "8"]
[White "Amro Awes, Ahmed"]
[Black "Maillard, Xavier"]
[Result "1-0"]
[WhiteElo "1318"]
[BlackElo "1063"]
[PlyCount "85"]
[EventDate "2021.02.07"]
[EventType "swiss (blitz)"]
[EventRounds "11"]
[EventCountry "FRA"]
[SourceTitle "CBM 200 Extra"]
[Source "ChessBase"]
[SourceDate "2021.03.31"]
[SourceVersion "1"]
[SourceVersionDate "2021.03.31"]
[SourceQuality "1"]

1. e4 Nf6 2. Nc3 d5 3. exd5 Nxd5 4. Nxd5 Qxd5 5. d3 Nc6 6. Nf3 Bf5 7. Be2 e5 8. 0-0 0-0-0 9. Be3 Kb8 10. Qe1 Bg6 11. Qc3 f6 12. a3 Be7 13. Rad1 Nd4 14. Bxd4 exd4 15. Qd2 Bd6 16. c3 dxc3 17. bxc3 Rhe8 18. d4 Qe4 19. Rfe1 Qc2 20. Qxc2 Bxc2 21. Rd2 Bb3 22. Rb1 Bd5 23. c4 Be4 24. Rbb2 Bf4 25. Rd1 Bxf3 26. Bxf3 g5 27. g3 Bd6 28. Rxb7+ Kc8 29. Rxa7 Kd7 30. Ra6 Ra8 31. Rxa8 Rxa8 32. Bxa8 Bxa3 33. Ra1 Bd6 34. Kg2 Ke7 35. c5 Bxc5 36. dxc5 Kd7 37. c6+ Kd6 38. Kf3 f5 39. h3 h5 40. h4 gxh4 41. gxh4 Ke5 42. Ra7 Kd6 43. Kf4 1-0

[Event "Ville d'Orsay online Blitz"]
[Site "Europe Echecs INT"]
[Date "2021.02.07"]
[Round "11"]
[White "Mimura, Kensuke"]
[Black "Amro Awes, Ahmed"]
[Result "0-1"]
[WhiteElo "1790"]
[BlackElo "1318"]
[PlyCount "110"]
[EventDate "2021.02.07"]
[EventType "swiss (blitz)"]
[EventRounds "11"]
[EventCountry "FRA"]
[SourceTitle "CBM 200 Extra"]
[Source "ChessBase"]
[SourceDate "2021.03.31"]
[SourceVersion "1"]
[SourceVersionDate "2021.03.31"]
[SourceQuality "1"]

1. e4 e5 2. Nf3 Nc6 3. Bc4 Be7 4. d4 exd4 5. Nxd4 Nf6 6. Nc3 Bb4 7. 0-0 0-0 8. Re1 d6 9. Bg5 h6 10. Bh4 Be6 11. Bxe6 fxe6 12. Nxe6 Qe7 13. Nxf8 Rxf8 14. Nd5 Qe5 15. Nxb4 Nxb4 16. c3 Nc6 17. Bxf6 Qxf6 18. Qd5+ Kh8 19. Rf1 Qg6 20. a4 a6 21. b4 Nd8 22. b5 Rf4 23. Rae1 c6 24. bxc6 bxc6 25. Qd3 Nf7 26. Qxa6 Ne5 27. Qc8+ Kh7 28. Qh3 Nf3+ 29. Kh1 Nxe1 30. Rxe1 Rxf2 31. a5 Qf6 32. g4 Rf3 33. Qg2 Rxc3 34. Rf1 Qg5 35. a6 Ra3 36. e5 dxe5 37. Qxc6 Qxg4 38. Qc2+ Qg6 39. Qe2 Rxa6 40. Qxa6 Qxa6 41. Re1 Qb5 42. h3 Qd5+ 43. Kh2 Kg6 44. Kg3 h5 45. Rf1 Qd3+ 46. Kf2 e4 47. Rg1+ Kh6 48. Rg3 Qd4+ 49. Re3 g5 50. Ke2 g4 51. hxg4 hxg4 52. Rg3 Kh5 53. Ra3 Kh4 54. Rb3 g3 55. Re3 Kh3 0-1

[Event "Ville d'Orsay online Blitz"]
[Site "Europe Echecs INT"]
[Date "2021.02.07"]
[Round "9"]
[White "Phialy, Sylvain"]
[Black "Amro Awes, Ahmed"]
[Result "0-1"]
[WhiteElo "1631"]
[BlackElo "1318"]
[PlyCount "126"]
[EventDate "2021.02.07"]
[EventType "swiss (blitz)"]
[EventRounds "11"]
[EventCountry "FRA"]
[SourceTitle "CBM 200 Extra"]
[Source "ChessBase"]
[SourceDate "2021.03.31"]
[SourceVersion "1"]
[SourceVersionDate "2021.03.31"]
[SourceQuality "1"]

1. e4 e5 2. Nf3 Nc6 3. Bb5 d6 4. 0-0 Bg4 5. c3 a6 6. Ba4 Nf6 7. Bc2 Be7 8. Re1 Qd7 9. d4 exd4 10. cxd4 Bxf3 11. Qxf3 Nxd4 12. Qd3 Nxc2 13. Qxc2 0-0 14. Nc3 Qc6 15. Bg5 Rfe8 16. Rad1 h6 17. Bh4 Ng4 18. Bg3 Bf6 19. h3 Ne5 20. Qb3 Rab8 21. Nd5 Nd7 22. Rc1 Nc5 23. Qc2 Bg5 24. f4 Bd8 25. b4 Ne6 26. Qxc6 bxc6 27. Rxc6 Nd4 28. Rcc1 c6 29. Nc3 Bb6 30. Bf2 Re7 31. e5 dxe5 32. fxe5 c5 33. bxc5 Bxc5 34. Ne4 Ba7 35. Rcd1 Nc2 36. Bxa7 Rxa7 37. Re2 Nb4 38. Nd6 Re7 39. Nf5 Re6 40. Rd6 Rbe8 41. Rxe6 Rxe6 42. Nd6 Nd3 43. Nc4 Kh7 44. Re3 Nf4 45. Kf2 Nd5 46. Re2 Kg6 47. Kf3 f6 48. Ne3 Nxe3 49. Rxe3 fxe5 50. Ke4 Kf6 51. Rf3+ Kg6 52. Kd5 Rb6 53. Kxe5 Rb2 54. Ra3 Rxg2 55. Rxa6+ Kh7 56. Ra3 Rg5+ 57. Kf4 Kg6 58. Kf3 Rf5+ 59. Ke4 Rf6 60. Rf3 Rd6 61. a3 Ra6 62. Kd5 h5 63. Kc5 Kg5 0-1